Etiqueta de registo: 00000nam 2200025 450
001 2168429
003 http://id.bnportugal.gov.pt/bib/catbnp/2168429
010 ## $a978-989-577-090-8
021 ## $aPT$b530041/24
100 ## $a20240519d2024 c y0pory01030103ba
101 0# $apor
102 ## $aPT
105 ## $aa z 000fy
106 ## $ar
200 1# $aQue estranho!$fFilipa Galrão, Catarina Pedro$gil. Paula Delecave
205 ## $a1ª ed
210 #9 $a[S.l.]$cAurora,$d2024
215 ## $a[24] p.$cil.$d24 cm
675 ## $a087.5$vBN$zpor$3287999
675 ## $a821.134.3-93"20"$vBN$zpor$31046482
700 #1 $92$aGalrão,$bFilipa$31917423
701 #1 $aPedro,$bCatarina,$f1989-$4070$31917425
702 #1 $aDelecave,$bPaula$4440$31655265
801 #0 $aPT$bBN$gRPC
856 41 $uhttp://rnod.bnportugal.gov.pt/ImagesBN/winlibimg.aspx?skey=&doc=2168429&img=194207&save=true
900 ## $aBIBNAC$d20240710
966 ## $lBN$mFGMON$sP. 66631 V.$x1
966 ## $lBN$mFGMON$sP. 66631 V.-D$x1
971 ## $corlando$d20240529
972 ## $d20240710$e0$vlrevez$z0
973 ## $cmlsousa$d20240531
Etiqueta de registo: 00254nam 2200025 450
001 2221271
003 http://id.bnportugal.gov.pt/bib/catbnp/2221271
010 ## $a978-989-9265-08-0
021 ## $aPT$b548243/25
100 ## $a20250724d2025 bc y0pory01030103ba
101 1# $apor$ceng
102 ## $aPT
105 ## $aa z 000fy
106 ## $ar
200 1# $aEste é o Gus$ftexto e il. Chris Chatterton$gtrad. Catarina Pedro
205 ## $a1ª ed
210 #9 $aCosta da Caparica$cThe Poets and Dragons Society,$d2025
215 ## $a[28] p.$ctodo il.$d28 cm
304 ## $aTít. orig.: This is Gus
675 ## $a087.5$vBN$zpor$3287999
675 ## $a821.111-93"20"$vBN$zpor$31119373
700 #1 $aChatterton,$bChris$31681072
702 #1 $aPedro,$bCatarina,$f1989-$4730$31917425
801 #0 $aPT$bBN$gRPC
856 41 $uhttp://rnod.bnportugal.gov.pt/ImagesBN/winlibimg.aspx?skey=&doc=2221271&img=210673&save=true
900 ## $aBIBNAC$d20250807
966 ## $lBN$mFGMON$sP. 70473 V.$x1
966 ## $lBN$mFGMON$sP. 70473 V.-D$x1
971 ## $cabrito$d20250724
972 ## $e0$z0$d20250807$vasantos
973 ## $cmlsousa$d20250801
Etiqueta de registo: 00254nam 2200025 450
001 2245115
003 http://id.bnportugal.gov.pt/bib/catbnp/2245115
010 ## $a978-989-9265-38-7
021 ## $aPT$b555810/25
100 ## $a20260112d2025 bc y0pory01030103ba
101 0# $apor
102 ## $aPT
105 ## $aa z 000gy
106 ## $ar
200 1# $a O baloiço$fCatarina Pedro$gil. Carlo Giovani
205 ## $a1ª ed
210 #9 $aCosta da Caparica$cThe Poets and Dragons Society,$d2025
215 ## $a[24] p.$ctodo il.$d28 cm
675 ## $a087.5$vBN$zpor$3287999
675 ## $a821.134.3-93"20"$vBN$zpor$31046482
700 #1 $aPedro,$bCatarina,$f1989-$31917425
701 #1 $aGiovani,$bCarlo$4440$31854833
801 #0 $aPT$bBN$gRPC
856 41 $uhttp://rnod.bnportugal.gov.pt/ImagesBN/winlibimg.aspx?skey=&doc=2245115&img=220066&save=true
900 ## $aBIBNAC$d20260326
966 ## $lBN$mFGMON$sP. 72292 V.$x1
966 ## $lBN$mFGMON$sP. 72292 V.-D$x1
971 ## $cisantos$d20260112
973 ## $ctrodrigues$d20260309
975 ## $e0$d20260326$viquintas